Caso de predación de hormigas cazadoras Ectatomma ruidum R. sobre abejas meliponinas del bosque húmedo tropical (Registro nro. 12994)

Detalles MARC
000 -CABECERA
Campo de control 007360000a22002170004500
090 ## - CLASIFICACIÓN LOCAL
Colección AR
Consecutivo 03960
041 0# - IDIOMA
Código de idioma para texto/pista de sonido o título separado
100 1# - ASIENTO PRINCIPAL--NOMBRE PERSONAL
Nombre personal Amat García, Germán
245 10 - MENCION DE TITULO
Título Caso de predación de hormigas cazadoras Ectatomma ruidum R. sobre abejas meliponinas del bosque húmedo tropical
260 ## - PUBLICACION, DISTRIBUCION, ETC. (PIE DE IMPRENTA)
Lugar de publicación, distribución, etc. Cali
Nombre del editor, distribuidor, etc. Universidad del Valle
Fecha de publicación, distribución, etc. 1995
300 ## - DESCRIPCION FISICA
Extensión 43
650 14 - ASIENTO SECUNDARIO DE MATERIA - TERMINO TEMATICO
Término temático o nombre geográfico como elemento de entrada Depredadores
650 14 - ASIENTO SECUNDARIO DE MATERIA - TERMINO TEMATICO
Término temático o nombre geográfico como elemento de entrada Insectos
650 14 - ASIENTO SECUNDARIO DE MATERIA - TERMINO TEMATICO
Término temático o nombre geográfico como elemento de entrada Etología
650 14 - ASIENTO SECUNDARIO DE MATERIA - TERMINO TEMATICO
Término temático o nombre geográfico como elemento de entrada Bosques
653 ## - TERMINO DE INDIZACION - NO CONTROLADO
-- Ectatomma
-- Ectatomma ruidum
700 1# - ASIENTO SECUNDARIO - NOMBRE PERSONAL
Nombre personal Fernández, Fernando
700 1# - ASIENTO SECUNDARIO - NOMBRE PERSONAL
Nombre personal Bernal, Juan
773 1# - Item fuente:
Título Unión internacional para el estudio de los insectos sociales (IUSSI)
Datos de la serie Programa y resumenes
942 ## - ELEMENTOS ADICIONALES (KOHA)
Tipo de ítem Artículo
Existencias
Withdrawn status Lost status Damaged status No para préstamo Colección Ubicación Permanente Ubicación actual Fecha de adquisición Datos de publicación Seriada Total Checkouts Número topográfico Inventario / Código de Barras Date last seen Ejemplar Price effective from Forma de adquisición Tipo de material
      No para Préstamo Hemeroteca Bogotá Bogotá 27/02/2015 Fuera de circulación   AR 03960 014484 25/03/2015 1 25/03/2015   Artículo